000 00773nam a2200241Ia 4500
003 GCL
008 140319s9999 xx 000 0 ara d
040 _aGCL /
_cGCL
082 0 4 _a190
_bب ف
100 1 _aعبدالله عبدالدائم
245 1 0 _aالفكر العلمى الجديد /
_cعبدالله عبدالدائم
700 1 _aباشلار، غاستون
700 1 _aعادل العوا
260 _a[S.N] :
_bالمؤسسة الجامعية للدراسات والنشر والتوزيع ،
_c1983
300 _a176 ص
490 _a
650 0 4 _aفلسفة
650 0 4 _aالفلسفة العقلية
650 0 4 _aالفلسفة الحديثة
650 0 4 _aالعلوم
650 0 4 _aالفلسفة الغربية
942 _2ddc
_cBK
999 _c36184
_d36184